| 000 | 02821nam a2200433 i 4500 | ||
|---|---|---|---|
| 001 | 192700 | ||
| 003 | SpMaBN | ||
| 005 | 20250827063233.0 | ||
| 007 | ta | ||
| 008 | 230512s2019 sp a | |||| 000 0cspa | ||
| 017 |
_aSE 1274-2021 _bOficina Depósito Legal Sevilla |
||
| 020 | _a9788418926150 | ||
| 035 | _a(OCoLC)1158055327 | ||
| 040 |
_aSpMaBN _bspa _cES-MaACL _erda |
||
| 080 | _a929-054.7(=1.460:100)"1936/39" | ||
| 080 | _a929-057.85(460)"1936/39" | ||
| 245 | 0 | 0 |
_aTalento y exilio : _bla diáspora del conocimiento II / _cPilar Nova Melle, Pedro López López (coords.) |
| 260 |
_aSevilla : _bPunto Rojo Libros, _c[2021] |
||
| 300 |
_a232 páginas : _bretratos ; _c21 cm |
||
| 336 |
_aTexto _2rdacontent |
||
| 337 |
_asin mediación _2rdamedia |
||
| 338 |
_avolumen _2rdacarrier |
||
| 490 | 1 |
_aTalento y exilio ; _v2 |
|
| 500 | _aEn contracubierta: Asociación Descendientes del Exilio Español | ||
| 500 | _aÍndice | ||
| 504 | _aReferencias bibliográficas | ||
| 505 | _aJosé María Álvarez Posada "Celso Amieva". Encarnación Aragoneses Urquijo "Elena Fortún". Aurora Arnáiz Amigo. Manuela Ballester Vilaseca. Adela y Petra Barnés González. Josep Bartolí i Guiu. Constancio Bernaldo de Quirós. Roser Bru Llop. Odón de Buen y del Cos. Demófilo de Buen Lozano. Antonio Camazón Valentín. Félix Candela Outeriño. María Casares. Juanita Cruz. Rosita Díaz Gimeno. Martín Domínguez Esteban. Mariano Doporto Marchori. Victorina Durán. Ismael Escobar Vallejo. Rosa García Ascot. Antonio García Banús. Luis García Gallo. Elvira Gascón. Marina Ginestá Coloma. Agustín Gómez Arcos. Agustín Gómez Pagola. Encarnación Hernández Luna. Gonzalo Losada Benítez. Antonio Madinaveitia y Tabuyo. Julio Mangada Rosenörn. Félix Martí Ibáñez. Pablo Miaja. Constancia de la Mora Maura. José Moreno Villa. Matilde Muñoz Barberi. Álvaro de Orriols Lletget. Teresa Pàmies i Bertran. Timoteo Pérez Rubio. Augusto Pérez-Vitoria. Miguel Prados Such. Josep Renau Berrenguer. Mercedes Rodrigo Bellido. Mariano Ruiz Funes. Manuel Sánchez Arcas. Araceli Sánchez Urquijo. Lluís Santaló Sors. Alma Tapia Bolívar. María Teresa Toral Peñaranda. Salvador Valverde López-Bailly. José Vela Zanetti. Libertad Fernández Lafuente | ||
| 520 | _aRecoge 50 semblanzas | ||
| 600 | 1 | 7 |
_aGarcía Ascot, Rosa, _d1902-2002 _2embne _9240872 |
| 650 | 4 |
_aExiliados españoles- _y1936-1939 _2embne _912657 |
|
| 650 | 7 |
_aIntelectuales- _zEspaña- _y1936-1939 _9161799 |
|
| 655 | 0 |
_aBiografías _9176647 |
|
| 700 | 1 |
_aNova Melle, Pilar _epbd _9176583 |
|
| 700 | 0 |
_aLópez López, Pedro _epbd _973735 |
|
| 852 |
_aEs-MaACL _bR.153166 _cDEPOJ _hDonación: Editorial _jN-8331 _9199997 |
||
| 942 |
_n0 _cMONOGRAFIA |
||
| 999 |
_c192700 _d192700 |
||